000 00285nam a22001337a 4500
008 170411b xxu||||| |||| 00| 0 eng d
020 _a9780314209955
041 _aeng
080 _27TH
_a612.39
100 _a10
101 _aSHM
245 _aNUTRITION
_cSIZER, F
942 _2udc
_cBK
999 _c10447
_d10447